01389nam a2200409 i 450000100060000000300090000600500170001500800410003202000150007304000360008804100080012404600090013208000120014108000100015310000340016324500520019726000560024930000260030538000160033138800140034738800140036165000250037565500130040065800300041370000250044371000410046885600980050994200120060799900170061995200490063695200490068595200490073495200490078395200490083295200490088195200490093053413KOSZ 00520220504113642.0981010s1998 pl f |000 0 pol d a8320812313 cKOSZ 005aKOSZ 005dKOSZ 005/HR0 apol k1998 a005.574 a(083)1 aRządca, Robert ArtureAutor10aNegocjacje /cRobert A. Rządca, Paweł Wujec. aWarszawa :bPolskie Wydawnictwo Ekonomiczne,c1999. a185, [1] s. ;c21 cm. aKsiążki a1901-2000 a1989-2000 7aNegocjacje biznesowe aPoradnik aZarządzanie i marketing1 aWujec, PawełeAutor2 aPolskie Wydawnictwo Ekonomiczne4pbl uhttp://koha.tu.koszalin.pl/cgi-bin/koha/opac-detail.pl?biblionumber=53413yKatalog online BPK cKS2UKD c53413d53413 00104070aBPKbBPKcwo83511p02364179yKS 00104070aBPKbBPKcwo83512p02364162yKS 00104070aBPKbBPKcwo83513p02364155yKS 00104070aBPKbBPKcwo83990p02379388yKS 00104070aBPKbBPKcwo83991p02379371yKS 00104070aBPKbBPKcwo83992p02379364yKS 00104070aBPKbBPKcwo83993p02379357yKS